Statistics for European Capitals from Left to Right

Click here to take the quiz!

General Stats

  • This quiz has been taken 51 times
  • The average score is 27 of 43

Answer Stats

Longitude Answer % Correct
-6.25Dublin
100%
-3,70Madrid
100%
-0,13London
100%
-9,13Lisbon
100%
-21,90Reykjavík
89%
2,35Paris
89%
4,35Brussels
89%
4,89Amsterdam
89%
6,13Luxembourg
85%
7,42Monaco
80%
7,45Bern
80%
10,75Oslo
78%
1,52Andorra la Vella
76%
9,52Vaduz
76%
12,57Copenhagen
72%
37,62Moscow
72%
12,48Rome
72%
30,52Kiev
67%
12,45*Vatican City / San Marino
67%
13,41Berlin
65%
14,42Prague
61%
27,57Minsk
61%
16,37Vienna
59%
14,51*Ljubljana / Valletta
57%
17,11Bratislava
57%
28,86Chişinău
52%
15,98Zagreb
52%
18,06Stockholm
50%
21,01Warsaw
50%
20.47Belgrade
48%
21,17Pristina
48%
18,36Sarajevo
46%
24,11Riga
46%
24,75Tallinn
46%
23,72Athens
46%
19,82Tirana
43%
24,94Helsinki
41%
25,28Vilnius
41%
19,04Budapest
41%
21,43Skopje
37%
23,32Sofia
37%
26,11Bucharest
37%
19,26Podgorica
37%

Score Distribution

Percentile by Number Answered

Percent of People with Each Score

Your Score History

You have not taken this quiz